00473cam a2200169 4500001001100000008004100011035001500052050002000067100001600087245005100103260003200154300002100186504002900207504002100236650001000257650003600267BIIH004268 1955 spa  aBIIH004268 4aF3429bP84 19551 aPuga, Mario 4aLos Incas : (Sociedad y Estado) /cMario Puga. aMéxico :bCentauro,c1955 a203 p. ;c22 cm. aBibliografia: p. 191-203 aIncluye apendice 4aIncas 4aIndios de America del SurxPeru